Statystyki dla Zawód bez Litery "A"

Kliknij tutaj aby rozwiązać quiz!

Ogólne statystyki

  • Ten quiz został rozwiązany 427 razy
    (118 od ostatniego zresetowania)
  • Średni wynik to 3 z 17

Statystyki odpowiedzi

Odpowiedź% Poprawnych
Elektryk
48%
Fryzjer
46%
Górnik
32%
Rolnik
32%
Listonosz
31%
Chirurg
15%
Komornik
10%
Model
10%
Jubiler
9%
Chemik
6%
Detektyw
6%
Złotnik
6%
Dietetyk
5%
Dyrygent
5%
Sędzia
5%
Ekolog
4%
Historyk
2%

Rozkład punktacji

Percentyl według liczby udzielonych odpowiedzi

Procent ludzi z każdym wynikiem

Twoja historia wyników

Nie rozwiązałeś tego quizu od ostatniego zresetowania